| 000 | 00766nam a2200241 i 4500 | ||
|---|---|---|---|
| 001 | 17070 | ||
| 003 | ES-MaACL | ||
| 005 | 20230906151510.0 | ||
| 007 | t| | ||
| 008 | 001218s2000 sp ||||1| spa d | ||
| 020 | _a84-7731-359-8 | ||
| 080 | _a303 | ||
| 245 | 0 | 0 |
_aSociologías de la situación / _cErving Goffman ... [et al.] ; edición, traducción e introducción realizadas por Félix Díaz. |
| 260 |
_aMadrid : _bEndymion, _c[2000] |
||
| 300 |
_a171 p. ; _c20 cm. |
||
| 490 | 1 |
_aGenealogía del poder ; _v32 |
|
| 650 | 1 | 4 |
_aSociología- _xMetodología. _917201 |
| 700 | 1 |
_aGoffman, Erving. _957590 |
|
| 700 | 1 |
_aDíaz, Félix. _944120 |
|
| 830 | 0 |
_aGenealogía del poder ; _v32 _9179409 |
|
| 852 |
_aES-MaACL _jL-24011 _bR.129195 |
||
| 999 |
_c17070 _d17070 |
||